Landen van de Wereld - Statistieken

Algemene statistieken
  • Deze quiz is 809.266 keer genomen
  • De gemiddelde score is 103 van 196
Antwoorden op de kaart
Antwoorden kleurgecodeerd door een groen-rode schaal op de quizkaart volgens % correct hieronder.
 
Antwoordstatistieken
Land % Correct
Nederland
95%
België
94%
Frankrijk
94%
Canada
93%
Duitsland
93%
Rusland
93%
Spanje
93%
Verenigde Staten
93%
Italië
92%
Portugal
92%
China
91%
Mexico
90%
Zweden
90%
Australië
89%
Brazilië
89%
Finland
89%
Noorwegen
89%
Polen
89%
Japan
88%
Denemarken
87%
Ierland
87%
IJsland
87%
Turkije
87%
Griekenland
86%
India
86%
Marokko
86%
Zwitserland
86%
Egypte
85%
Oostenrijk
85%
Zuid-Afrika
85%
Chili
84%
Verenigd Koninkrijk
84%
Argentinië
83%
Oekraïne
83%
Belarus
81%
Letland
81%
Estland
80%
Indonesië
78%
Nieuw-Zeeland
78%
Noord-Korea
78%
Zuid-Korea
78%
Iran
77%
Kroatië
77%
Litouwen
77%
Madagaskar
77%
Irak
76%
Luxemburg
74%
Mongolië
74%
Tsjechië
74%
Bulgarije
73%
Hongarije
73%
Peru
73%
Niger
72%
Democratische Republiek Congo
70%
Republiek Congo
70%
Roemenië
70%
Colombia
69%
Slowakije
69%
Albanië
68%
Israël
67%
Thailand
67%
Bosnië en Herzegovina
66%
Saoedi-Arabië
66%
Algerije
65%
Slovenië
65%
Suriname
65%
Venezuela
65%
Cuba
64%
Kazachstan
64%
Pakistan
64%
Bolivia
62%
Nigeria
62%
Vietnam
62%
Syrië
61%
Servië
60%
Tunesië
60%
Uruguay
60%
Cyprus
59%
Filipijnen
59%
Afghanistan
58%
Libië
58%
Malta
57%
Noord-Macedonië
57%
Paraguay
56%
Soedan
56%
Nepal
55%
Ecuador
54%
Jemen
54%
Panama
54%
Ethiopië
53%
Moldavië
53%
Somalië
53%
Vaticaanstad
53%
Andorra
52%
Kosovo
52%
Kenia
50%
Mali
50%
Monaco
50%
Montenegro
50%
Liechtenstein
48%
Oman
48%
Sri Lanka
48%
Ghana
47%
Qatar
47%
Senegal
46%
Bangladesh
45%
Costa Rica
45%
Georgië
45%
Taiwan
45%
Verenigde Arabische Emiraten
45%
Zimbabwe
45%
Ivoorkust
44%
Laos
44%
Maleisië
44%
Oezbekistan
44%
Turkmenistan
44%
Armenië
43%
Haïti
43%
Zuid-Soedan
43%
Cambodja
42%
Honduras
42%
Angola
41%
Jamaica
41%
Jordanië
41%
Namibië
41%
Tanzania
41%
Dominica
40%
San Marino
40%
Azerbeidzjan
39%
Papoea-Nieuw-Guinea
39%
Tsjaad
39%
Zambia
39%
Botswana
37%
Libanon
37%
Myanmar
37%
Guatemala
36%
Guyana
36%
Kameroen
36%
Dominicaanse Republiek
35%
Mozambique
35%
Bahama's
34%
Oeganda
34%
Singapore
34%
El Salvador
33%
Bhutan
32%
Centraal-Afrikaanse Republiek
32%
Eritrea
32%
Fiji
32%
Mauritanië
32%
Nicaragua
31%
Togo
31%
Belize
30%
Gambia
30%
Guinee
30%
Kaapverdië
30%
Koeweit
30%
Lesotho
30%
Rwanda
30%
Kirgizië
29%
Benin
28%
Burkina Faso
28%
Eswatini
27%
Gabon
26%
Liberia
26%
Malawi
26%
Tadzjikistan
26%
Maldiven
25%
Mauritius
25%
Bahrein
24%
Burundi
24%
Sierra Leone
23%
Djibouti
22%
Barbados
20%
Brunei
20%
Seychellen
20%
Oost-Timor
19%
Micronesia
18%
Trinidad en Tobago
18%
Guinee-Bissau
17%
Tuvalu
17%
Comoren
16%
Equatoriaal-Guinea
16%
Marshalleilanden
16%
Saint Lucia
16%
Kiribati
15%
Palau
15%
Saint Kitts en Nevis
15%
Salomonseilanden
15%
Samoa
15%
Tonga
15%
Saint Vincent en de Grenadines
14%
Antigua en Barbuda
13%
Grenada
13%
Sao Tomé en Principe
13%
Vanuatu
13%
Nauru
12%
Geen overeenkomende quizzen gevonden
Scoreverdeling
Procent van Mensen met Elke Score
Percentiel versus Aantal Correcte Antwoorden
Uw Scoregeschiedenis
U heeft deze quiz nog niet genomen